| 000 | 01391nam a22001457a 4500 | ||
|---|---|---|---|
| 008 | 180505b xxu||||| |||| 00| 0 eng d | ||
| 020 | _a9786569843303 | ||
| 082 |
_a709.050.15 _bL864r |
||
| 100 |
_aLópez, Miguel A. _96278 |
||
| 245 | _aRobar la historia: Contrarrelatos y prácticas artísticas de oposición | ||
| 260 |
_aSantiago, Chile _bEdiciones Metales Pesados _c2017 |
||
| 300 |
_a223 p. _c21,8 cm |
||
| 505 |
_tPrólogo _rNelly Richard _tIntroducción _t¿Cómo sabemos a qué se parece el conceptualismo latinoamericano? _tDesgaste y disolución del objeto en el arte peruano de los años sesente _rEscrito con Emilio Tarazona _tUna guerrilla cultural: Juan Acha y la vanguardia peruana _tEl giro discursivo de las exposiciones desde una perspectiva del Sur: São Paulo (1978) y Medellín (1981) _tRed Conceptualismos del Sur: Memoria, política, microhistorias y experimentación con archivos. _tAcción gráfica en los años ochenta _tFosa común _tCadáveres maricas. El grupo Chaclacayo y la imagen de la muerte _tLa realidad me puede chupar la pija, querido. El Museo Travesti del Perú y las historias que merecemos _tLos feminismos contra la historia (del arte). Notas sobre cultura visual y políticas de representación _tFuente de los textos _tAgradecimiento |
||
| 650 |
_2Arte conteporáneo _xArte - Conceptual _xArte - Género _xEstética _xVanguardismo _ySiglo XXI _zArte - Latinoamérica _96279 |
||
| 999 |
_c1443 _d1443 |
||